000
00206 a2200097 4500
001
19815
100
_a
Hirschhorn J
245
_a
Dynamics of machinery
260
_a
_b
Nelson
_c
1963
090
_c
14439
_d
14439
942
_a
NUST-CAE
_c
M
_c
4935
999
_c
254888
_d
254888